| 000 | 00961nas a2200265 4500 | ||
|---|---|---|---|
| 001 | BR9203504 | ||
| 003 | BR-BrBNA | ||
| 005 | 20231205092644.0 | ||
| 007 | ta | ||
| 008 | 230509b bl.|||p| |||| 00| 00por d | ||
| 040 |
_aBR-BrBNA _bpor _cBiblioteca Nacional de Agricultura |
||
| 041 | _a(Pt) | ||
| 072 | _aL73 | ||
| 100 | 1 | _aFortes, E.L. | |
| 100 | 1 | _aGutierres, V.C. | |
| 100 | 1 | _aHoffmann, R.P. | |
| 245 | 1 | _aPrimeira ocorrencia da Eocreadium intermedium Szidat, 1954 (Trematora, Lepocreadiidae)no Brasil e o primeiro registro em piava (Leporinus coplandi)do estuario do Guiba, Rio Grande do Sul | |
| 650 | _aPIABA | ||
| 650 | _aPEIXE DE AGUA DOCE | ||
| 650 | _aPARASITO DE ANIMAL | ||
| 650 | _aRIO GRANDE DO SUL | ||
| 773 | 0 |
_tArquivos da Faculdade de Veterinaria da Universidade Federal do Rio Grande do Sul (Brazil) _xISSN 01010-5230 _g(Dec 1985), v. 13 p. 11-14 _wBR9203504 |
|
| 909 |
_a202311 _bLúcia _c55 _dLúcia Elande |
||
| 942 |
_2AGRIS _n0 _cANA |
||
| 999 |
_c133184 _d133184 |
||